| 000 | 01134cam a2200253 i 4500 | ||
|---|---|---|---|
| 003 | SA-RiAUC | ||
| 005 | 20250710135342.0 | ||
| 008 | 250708q19001999su g 00010 ara c | ||
| 040 |
_aSA-RiAUC _bara _cSA-RiAUC _erda |
||
| 082 | 0 | 4 |
_a240 _qSA-RiAUC |
| 090 |
_a261 _bا ل ش |
||
| 100 | 1 |
_aآل الشيخ، عبد الرحمن بن حسن بن محمد، _d1193-1285 هجري _eمؤلف. |
|
| 245 | 1 | 0 |
_aقرة عيون الموحدين في تحقيق دعوة الأنبياء والمرسلين / _cمحمد بن عبد الوهاب بن سليمان ابن عبد الوهاب. |
| 250 | _aالطبعة الثانية. | ||
| 264 | 1 |
_aمكة المكرمة : _bمكتبة النهضة العلمية، _c[بين 1900 و1999] |
|
| 300 |
_a318 صفحة ؛ _c23 سم |
||
| 336 |
_aنص _btxt _2rdacontent _3كتاب |
||
| 337 |
_aبدون وسيط _bn _2rdamedia |
||
| 338 |
_aمجلد _bnc _2rdacarrier |
||
| 600 | 1 | 7 |
_aابن قيم الجوزية، محمد بن أبي بكر بن أيوب، _d691-751 هجري _2aucnm |
| 650 | 7 |
_aالوحدانية _2aucsh |
|
| 942 |
_2ddc _cBOOK _n0 |
||
| 949 |
_aSA-JeALM _d250708 _umohamedma123 _n1 |
||
| 999 |
_c9743 _d9743 |
||